[Event "CAN-ch U12 Girls"]
[Site "Quebec"]
[Date "2018.07.04"]
[Round "5.99"]
[White "Gilani, Mysha"]
[Black "Pobereshnikova, Faina"]
[Result "1-0"]
[WhiteElo "1640"]
[BlackElo "1009"]
[PlyCount "97"]
[EventDate "2018.07.02"]
[EventType "swiss"]
[EventRounds "7"]
[EventCountry "CAN"]
[SourceTitle "EXT 2022"]
[Source "ChessBase"]
[SourceDate "2021.10.06"]
[SourceVersion "1"]
[SourceVersionDate "2021.10.06"]
[SourceQuality "1"]

1. d4 Nf6 2. c4 e6 3. Nc3 d5 4. cxd5 exd5 5. Bg5 Be6 6. Qb3 Nc6 7. e3 Rb8 8. a3 Be7 9. Bd3 h6 10. Bh4 Qd7 11. Nf3 Bf5 12. Bxf5 Qxf5 13. Bxf6 Bxf6 14. Nxd5 Qd7 15. Nxf6+ gxf6 16. Rc1 0-0 17. Qc4 Rfc8 18. Rd1 b5 19. Qc3 Qd5 20. 0-0 Qc4 21. Rc1 Qxc3 22. Rxc3 Na5 23. d5 Nc4 24. Nd4 Rd8 25. Nc6 Rbc8 26. Ne7+ Kf8 27. Nxc8 Rxc8 28. b4 Rd8 29. e4 Re8 30. f3 Ra8 31. a4 Nd6 32. Rxc7 bxa4 33. Ra1 Nb5 34. Rc5 Nd6 35. Rxa4 f5 36. e5 Nb7 37. Rc7 Nd8 38. Rcxa7 Rxa7 39. Rxa7 Kg7 40. Rd7 h5 41. Rxd8 f6 42. exf6+ Kxf6 43. Re8 h4 44. d6 f4 45. d7 Kf7 46. d8Q h3 47. Qe7+ Kg6 48. Rg8+ Kf5 49. Rg5# 1-0

[Event "CAN-ch U20"]
[Site "Mississauga"]
[Date "2017.08.12"]
[Round "6"]
[White "Zhang, Henry"]
[Black "Gilani, Mysha"]
[Result "1-0"]
[WhiteElo "1874"]
[BlackElo "1445"]
[PlyCount "69"]
[EventDate "2017.08.09"]
[EventType "swiss"]
[EventRounds "9"]
[EventCountry "CAN"]
[SourceTitle "CBM 180 Extra"]
[Source "ChessBase"]
[SourceDate "2017.10.06"]
[SourceVersion "1"]
[SourceVersionDate "2017.10.06"]
[SourceQuality "1"]

1. e4 e5 2. Nf3 Nc6 3. Bc4 Bc5 4. d3 Nf6 5. 0-0 d6 6. c3 0-0 7. Bb3 Bb6 8. Nbd2 Ne7 9. h3 Ng6 10. Re1 Nh5 11. Nf1 Qf6 12. Bg5 Qxg5 13. Nxg5 Nhf4 14. Ng3 h6 15. Nf3 Bxh3 16. gxh3 Nxh3+ 17. Kf1 Bxf2 18. Nf5 Bxe1 19. Qxe1 Kh7 20. Qg3 Nhf4 21. Ke1 Nxd3+ 22. Kd2 Ndf4 23. Ng5+ Kg8 24. Qh2 h5 25. Ng3 h4 26. Nf5 h3 27. Nxh3 Ne6 28. Bxe6 fxe6 29. Ng5 Rfb8 30. Qh7+ Kf8 31. Qxg7+ Ke8 32. Qxg6+ Kd8 33. Qf7 b6 34. Nxe6+ Kc8 35. Qxc7# 1-0

[Event "CAN-ch U20"]
[Site "Mississauga"]
[Date "2017.08.10"]
[Round "3"]
[White "Kang, Dorian"]
[Black "Gilani, Mysha"]
[Result "1-0"]
[WhiteElo "1716"]
[BlackElo "1445"]
[PlyCount "141"]
[EventDate "2017.08.09"]
[EventType "swiss"]
[EventRounds "9"]
[EventCountry "CAN"]
[SourceTitle "CBM 180 Extra"]
[Source "ChessBase"]
[SourceDate "2017.10.06"]
[SourceVersion "1"]
[SourceVersionDate "2017.10.06"]
[SourceQuality "1"]

1. c4 e5 2. Nc3 Bb4 3. Nd5 Bc5 4. e3 c6 5. Nc3 d6 6. d4 exd4 7. exd4 Qe7+ 8. Be2 Bb4 9. Nf3 Nf6 10. 0-0 0-0 11. h3 Bxc3 12. bxc3 Bf5 13. Bd3 Bxd3 14. Qxd3 Qe4 15. Qd1 Qg6 16. Re1 Nbd7 17. Nh4 Qh5 18. Qxh5 Nxh5 19. Nf5 Rfe8 20. Bd2 Rxe1+ 21. Rxe1 d5 22. cxd5 cxd5 23. Ne7+ Kf8 24. Nxd5 Re8 25. Rxe8+ Kxe8 26. g4 Nhf6 27. Nxf6+ Nxf6 28. f3 Kd7 29. Kf1 Nd5 30. Ke2 Kc6 31. c4 Nb6 32. Kd3 Nd7 33. Bb4 Kc7 34. d5 Ne5+ 35. Ke4 Nxc4 36. Bc3 f6 37. g5 Nd6+ 38. Kf4 fxg5+ 39. Kxg5 Nf7+ 40. Kf5 Kd6 41. Bxg7 Kxd5 42. f4 Nd6+ 43. Kg4 Ke4 44. Be5 Nc4 45. Bb8 a6 46. Kg5 Nb6 47. f5 Nd7 48. Bh2 Kf3 49. h4 b5 50. Bd6 a5 51. f6 Nxf6 52. Kxf6 Kg4 53. Ke5 Kxh4 54. Kd5 Kg5 55. Kc5 Kf6 56. Kxb5 Ke6 57. Bh2 Kd7 58. Kxa5 Kc6 59. Ka6 h6 60. a4 Kc5 61. a5 Kc6 62. Ka7 Kb5 63. a6 Kc6 64. Kb8 Kb6 65. a7 Kc6 66. a8Q+ Kc5 67. Qe4 Kb5 68. Kb7 Ka5 69. Kc6 h5 70. Bc7+ Ka6 71. Qa4# 1-0

[Event "CAN-ch U12 Girls"]
[Site "Sault Ste Marie"]
[Date "2017.07.06"]
[Round "1.78"]
[White "Gilani, Mysha"]
[Black "Laird, Aili"]
[Result "1-0"]
[WhiteElo "1484"]
[BlackElo "982"]
[PlyCount "53"]
[EventDate "2017.07.06"]
[EventType "swiss"]
[EventRounds "7"]
[EventCountry "CAN"]
[SourceTitle "EXT 2022"]
[Source "ChessBase"]
[SourceDate "2021.10.06"]
[SourceVersion "1"]
[SourceVersionDate "2021.10.06"]
[SourceQuality "1"]

1. d4 d5 2. c4 dxc4 3. e4 g6 4. Bxc4 Bg7 5. Ne2 Bg4 6. f3 Be6 7. Bxe6 fxe6 8. Be3 Nc6 9. Nbc3 e5 10. d5 Nb4 11. Qa4+ Qd7 12. Qxb4 c6 13. Rc1 Nf6 14. dxc6 Qxc6 15. Nb5 Qd7 16. Nc7+ Kf8 17. Nxa8 Qd3 18. Rc8+ Ne8 19. Bg5 Qb1+ 20. Rc1 Qxa2 21. Qxe7+ Kg8 22. Qxe8+ Bf8 23. Be7 Kg7 24. Bxf8+ Rxf8 25. Rc7+ Kg8 26. Qxe5 Rxa8 27. Qg7# 1-0

[Event "CAN-ch U12 Girls"]
[Site "Sault Ste Marie"]
[Date "2017.07.06"]
[Round "2.78"]
[White "Qiao, Joey"]
[Black "Gilani, Mysha"]
[Result "0-1"]
[WhiteElo "1460"]
[BlackElo "1484"]
[PlyCount "116"]
[EventDate "2017.07.06"]
[EventType "swiss"]
[EventRounds "7"]
[EventCountry "CAN"]
[SourceTitle "EXT 2022"]
[Source "ChessBase"]
[SourceDate "2021.10.06"]
[SourceVersion "1"]
[SourceVersionDate "2021.10.06"]
[SourceQuality "1"]

1. e4 e5 2. Nf3 Nc6 3. Bb5 a6 4. Ba4 Nf6 5. 0-0 Be7 6. Re1 b5 7. Bb3 d6 8. h3 Na5 9. c3 c5 10. Bc2 0-0 11. d3 Nc6 12. Nbd2 Qb6 13. Nf1 Bd8 14. Ng3 Ne7 15. Nh4 Qa7 16. Bg5 Ng6 17. Nf3 h6 18. Be3 Bb6 19. Rf1 Re8 20. Qc1 Kh7 21. Bb3 Be6 22. Bxe6 fxe6 23. Qc2 d5 24. exd5 exd5 25. Rfe1 Rac8 26. Nf5 d4 27. Bd2 Qd7 28. Ng3 Rcd8 29. cxd4 cxd4 30. Qd1 Nd5 31. Re4 Bc7 32. Re1 Ndf4 33. Ne2 Nxd3 34. Rf1 Nxb2 35. Qc2 d3 36. Qxb2 dxe2 37. Rfe1 e4 38. Rxe2 exf3 39. Rxe8 Rxe8 40. gxf3 Qxh3 41. f4 Bxf4 42. Bxf4 Nxf4 43. Qc2+ Kh8 44. f3 Re2 45. Qxe2 Nxe2+ 46. Kf2 Qh2+ 47. Ke3 Qf4+ 48. Kxe2 Qe5+ 49. Kf2 Qxa1 50. f4 Qb2+ 51. Kf3 Qxa2 52. f5 Qb1 53. f6 gxf6 54. Kf4 Qb4+ 55. Kf5 Qd4 56. Kg6 Kg8 57. Kxh6 Qh4+ 58. Kg6 Qg5# 0-1

[Event "Wch U10 Girls"]
[Site "Batumi"]
[Date "2016.10.29"]
[Round "10.26"]
[White "Dubovik, Maria"]
[Black "Gilani, Mysha"]
[Result "0-1"]
[WhiteElo "1280"]
[BlackElo "1472"]
[PlyCount "64"]
[EventDate "2016.10.19"]
[EventType "swiss"]
[EventRounds "11"]
[EventCountry "GEO"]
[SourceTitle "EXT 2018"]
[Source "ChessBase"]
[SourceDate "2017.10.13"]
[SourceVersion "1"]
[SourceVersionDate "2017.10.13"]
[SourceQuality "1"]

1. e4 e5 2. Nf3 Nc6 3. Bb5 a6 4. Ba4 Nf6 5. d3 b5 6. Bb3 Be7 7. 0-0 0-0 8. c3 d6 9. Nbd2 Na5 10. Bc2 c5 11. Re1 Nc6 12. Nf1 Re8 13. Ne3 Be6 14. a3 Bf8 15. b4 d5 16. exd5 Nxd5 17. Nxd5 Bxd5 18. bxc5 Bxc5 19. Be3 Qb6 20. Bxc5 Qxc5 21. Qd2 Bxf3 22. gxf3 Rac8 23. Rad1 Nd4 24. cxd4 Qxc2 25. Qxc2 Rxc2 26. dxe5 Rc3 27. Ra1 Rxd3 28. Kg2 g5 29. a4 bxa4 30. Rxa4 Re6 31. Re3 Rd5 32. Rae4 a5 0-1

[Event "Wch U10 Girls"]
[Site "Batumi"]
[Date "2016.10.28"]
[Round "9.26"]
[White "Gilani, Mysha"]
[Black "Mahjoob Zardast, Artemis"]
[Result "1/2-1/2"]
[WhiteElo "1472"]
[BlackElo "1138"]
[PlyCount "96"]
[EventDate "2016.10.19"]
[EventType "swiss"]
[EventRounds "11"]
[EventCountry "GEO"]
[SourceTitle "EXT 2018"]
[Source "ChessBase"]
[SourceDate "2017.10.13"]
[SourceVersion "1"]
[SourceVersionDate "2017.10.13"]
[SourceQuality "1"]

1. d4 Nf6 2. c4 g6 3. Nc3 Bg7 4. e4 d6 5. f4 Nc6 6. Nf3 Bg4 7. Be2 0-0 8. 0-0 Bc8 9. h3 Nd7 10. Be3 e5 11. fxe5 dxe5 12. d5 Ne7 13. c5 f5 14. Qb3 Kh8 15. d6 Nc6 16. Ng5 Nxc5 17. Bxc5 Qxg5 18. d7 Bxd7 19. Bxf8 Rxf8 20. Qxb7 fxe4 21. Rxf8+ Bxf8 22. Qa8 Kg7 23. Kh1 Qe3 24. Bg4 Bxg4 25. Qxc6 Bxh3 26. Qxc7+ Kg8 27. Qc4+ Kh8 28. Qxe4 Qxe4 29. Nxe4 Bf5 30. Ng3 Bg7 31. Nxf5 gxf5 32. b3 e4 33. Rf1 e3 34. Kh2 h5 35. Kg3 Be5+ 36. Kh4 f4 37. Kxh5 Kg7 38. Kg5 Kf7 39. Kf5 Bd6 40. Re1 Ke7 41. Kg4 Kf6 42. Kf3 Kf5 43. g3 fxg3 44. Rxe3 Be5 45. Kg2 a5 46. a4 Bd6 47. Rc3 Ke4 48. Rc4+ Kd3 1/2-1/2

[Event "Wch U10 Girls"]
[Site "Batumi"]
[Date "2016.10.20"]
[Round "2"]
[White "Mirza, Nur"]
[Black "Gilani, Mysha"]
[Result "0-1"]
[WhiteElo "1338"]
[BlackElo "1472"]
[PlyCount "43"]
[EventDate "2016.10.19"]
[EventType "swiss"]
[EventRounds "11"]
[EventCountry "GEO"]
[SourceTitle "EXT 2018"]
[Source "ChessBase"]
[SourceDate "2017.10.13"]
[SourceVersion "1"]
[SourceVersionDate "2017.10.13"]
[SourceQuality "1"]

1. e4 e5 2. Nc3 Nf6 3. g3 Bc5 4. Bg2 d6 5. d3 h6 6. Be3 Bb6 7. Qd2 c6 8. Nge2 d5 9. d4 exd4 10. Nxd4 c5 11. Nde2 d4 12. e5 Ng4 13. h3 Nxe3 14. fxe3 dxc3 15. Qxc3 Ba5 16. 0-0 Bxc3 17. Nxc3 Qg5 18. Kh2 Qxe5 19. Nb5 a6 20. Nc3 0-0 21. Nd5 Nd7 22. Nc3 0-1

[Event "Windsor NAYCC U10 Girls"]
[Site "Windsor"]
[Date "2016.08.10"]
[Round "7.156"]
[White "Gilani, Mysha"]
[Black "Jain, Prisha"]
[Result "1-0"]
[WhiteElo "1472"]
[BlackElo "1316"]
[PlyCount "109"]
[EventDate "2016.08.07"]
[EventType "swiss"]
[EventRounds "9"]
[EventCountry "CAN"]
[SourceTitle "EXT 2022"]
[Source "ChessBase"]
[SourceDate "2021.10.06"]
[SourceVersion "1"]
[SourceVersionDate "2021.10.06"]
[SourceQuality "1"]

1. d4 d5 2. c4 c6 3. Nc3 e6 4. e3 Nf6 5. Bd3 dxc4 6. Bxc4 b5 7. Bd3 Nbd7 8. Nf3 Bd6 9. 0-0 0-0 10. e4 a6 11. e5 Bxe5 12. dxe5 Ng4 13. Bf4 Qc7 14. Qe2 Bb7 15. h3 Ngf6 16. exf6 Qxf4 17. fxg7 Kxg7 18. Bxh7 Kxh7 19. Qd3+ Kg8 20. Qxd7 Rab8 21. Qd4 Qxd4 22. Nxd4 c5 23. Nb3 c4 24. Nc5 Bc6 25. Nxa6 Rb6 26. Nb4 Bb7 27. Rad1 Kg7 28. Rd4 e5 29. Rg4+ Kh7 30. Rd1 f5 31. Rd7+ Kh6 32. Rgg7 Rh8 33. Rxb7 Rxb7 34. Rxb7 Rg8 35. Rxb5 f4 36. Rxe5 f3 37. g3 Rd8 38. Rf5 Rd2 39. Rf6+ Kg5 40. Ne4+ Kh5 41. Nxd2 Kg5 42. Rxf3 c3 43. Rxc3 Kf5 44. Rf3+ Ke5 45. h4 Kd4 46. h5 Ke5 47. h6 Kd4 48. h7 Kc5 49. h8Q Kxb4 50. Qd4+ Kb5 51. Rf5+ Kc6 52. Qf6+ Kd7 53. Qg6 Kc7 54. Rf7+ Kd8 55. Qg8# 1-0

[Event "CAN-ch U10 Girls"]
[Site "Windsor"]
[Date "2016.07.06"]
[Round "3.103"]
[White "Guo, Veronica"]
[Black "Gilani, Mysha"]
[Result "0-1"]
[WhiteElo "933"]
[BlackElo "1562"]
[PlyCount "150"]
[EventDate "2016.07.05"]
[EventType "swiss"]
[EventRounds "7"]
[EventCountry "CAN"]
[SourceTitle "EXT 2022"]
[Source "ChessBase"]
[SourceDate "2021.10.06"]
[SourceVersion "1"]
[SourceVersionDate "2021.10.06"]
[SourceQuality "1"]

1. e4 e5 2. Nf3 Nc6 3. Bc4 Bc5 4. c3 Nf6 5. d3 d6 6. 0-0 Bb6 7. Bb3 0-0 8. h3 h6 9. Re1 Ne7 10. Nbd2 Ng6 11. Nf1 Re8 12. Ng3 c6 13. Be3 d5 14. Qd2 Bxe3 15. fxe3 dxe4 16. dxe4 Qxd2 17. Nxd2 h5 18. Rad1 h4 19. Nf5 Rd8 20. Nf3 Rxd1 21. Rxd1 Nxe4 22. Rd8+ Kh7 23. N3xh4 Nxh4 24. Nxh4 g5 25. Nf3 Kg7 26. Nxe5 f6 27. Rg8+ Kh7 28. Ng6 Nd6 29. Nf8+ Kh6 30. Rg6+ Kh5 31. Bd1+ Kh4 32. Rh6+ Kg3 33. Rxf6 Ne4 34. Rf3+ Kh4 35. Ng6+ Kh5 36. Rf6+ Kh6 37. Rf8 Kxg6 38. Re8 Nf6 39. Bc2+ Kf7 40. Rd8 Ke7 41. Rh8 b6 42. Kf2 c5 43. Kg3 Bb7 44. Rxa8 Bxa8 45. h4 gxh4+ 46. Kxh4 Bxg2 47. Kg3 Be4 48. Bxe4 Nxe4+ 49. Kf4 Nd2 50. e4 a5 51. Ke5 Nc4+ 52. Kd5 Nxb2 53. Kc6 Na4 54. c4 Ke6 55. Kb5 Nc3+ 56. Kxb6 Nxa2 57. Kxa5 Nc3 58. Kb6 Nxe4 59. Kc6 Ke5 60. Kb5 Kd4 61. Ka4 Kxc4 62. Ka3 Kd3 63. Kb2 c4 64. Kc1 Kc3 65. Kb1 Kd2 66. Kb2 c3+ 67. Kb3 c2 68. Kb4 c1Q 69. Kb5 Qc3 70. Ka4 Qb2 71. Ka5 Qb3 72. Ka6 Qb4 73. Ka7 Qb5 74. Ka8 Nd6 75. Ka7 Qb7# 0-1

[Event "CAN-ch U10 Girls"]
[Site "Windsor"]
[Date "2016.07.05"]
[Round "1.106"]
[White "Zhang, Wendy"]
[Black "Gilani, Mysha"]
[Result "0-1"]
[WhiteElo "733"]
[BlackElo "1521"]
[PlyCount "80"]
[EventDate "2016.07.05"]
[EventType "swiss"]
[EventRounds "7"]
[EventCountry "CAN"]
[SourceTitle "EXT 2022"]
[Source "ChessBase"]
[SourceDate "2021.10.06"]
[SourceVersion "1"]
[SourceVersionDate "2021.10.06"]
[SourceQuality "1"]

1. e4 e5 2. Nf3 Nc6 3. Bc4 Bc5 4. 0-0 Nf6 5. d3 d6 6. Nc3 h6 7. h3 0-0 8. Be3 Bb6 9. Qe2 Be6 10. Bb3 Qe7 11. Rad1 Nd4 12. Bxd4 exd4 13. Nb5 c5 14. c4 a6 15. Na3 Nh5 16. Nh2 Nf4 17. Qf3 Qg5 18. Ng4 h5 19. Nh2 Bxh3 20. Qg3 Ne2+ 21. Kh1 Nxg3+ 22. fxg3 Bg4 23. Nxg4 Qxg4 24. Kh2 h4 25. Rf3 hxg3+ 26. Rxg3 Qh4+ 27. Rh3 Qf4+ 28. Kg1 Bd8 29. Rf1 Qg4 30. Bd1 Qe6 31. Rf5 g6 32. Rff3 Kg7 33. Rfg3 Rh8 34. Bg4 Qe5 35. Kh2 Bh4 36. Nc2 Bxg3+ 37. Kg1 Qf4 38. Be2 Qf2+ 39. Kh1 Rxh3+ 40. gxh3 Qh2# 0-1

[Event "CAN-ch U10 Girls"]
[Site "Windsor"]
[Date "2015.07.07"]
[Round "2.113"]
[White "Gilani, Mysha"]
[Black "Qiao, Joey"]
[Result "1-0"]
[WhiteElo "1282"]
[BlackElo "1116"]
[PlyCount "133"]
[EventDate "2015.07.06"]
[EventType "swiss"]
[EventRounds "7"]
[EventCountry "CAN"]
[SourceTitle "EXT 2022"]
[Source "ChessBase"]
[SourceDate "2021.10.06"]
[SourceVersion "1"]
[SourceVersionDate "2021.10.06"]
[SourceQuality "1"]

1. d4 d5 2. c4 c6 3. Nc3 Nf6 4. Bg5 Nbd7 5. e3 e6 6. Bd3 Be7 7. Nf3 h6 8. Bh4 Nh5 9. Bxe7 Qxe7 10. 0-0 0-0 11. Re1 Qb4 12. a3 Qd6 13. cxd5 cxd5 14. Nb5 Qb6 15. a4 Nb8 16. a5 Qd8 17. Ne5 Nf6 18. Qf3 Nc6 19. Rec1 Nxa5 20. Nc7 Nb3 21. Nxa8 Nxa1 22. Rxa1 a6 23. Rc1 Re8 24. Qg3 Nh5 25. Qf3 Nf6 26. Qd1 Nd7 27. Qb3 Nxe5 28. dxe5 b5 29. Qa3 Bb7 30. Nc7 Qc8 31. Qc3 Rd8 32. Qe1 Qb8 33. Qa5 Rc8 34. Rc2 g6 35. Nxa6 Qa7 36. Rxc8+ Bxc8 37. Qd8+ Kh7 38. Qxc8 b4 39. Qf8 b3 40. Qb8 Qxb8 41. Nxb8 Kg7 42. Nd7 h5 43. Nc5 f6 44. exf6+ Kxf6 45. Nxb3 Ke7 46. Bxg6 Kd6 47. Bxh5 Kc6 48. g4 Kb5 49. Bf7 Kb4 50. Nd2 Kc5 51. Bxe6 d4 52. exd4+ Kxd4 53. f4 Ke3 54. g5 Kxd2 55. g6 Kc2 56. g7 Kxb2 57. g8Q Kc3 58. f5 Kd4 59. f6 Ke4 60. f7 Ke5 61. f8Q Ke4 62. Qg4+ Ke5 63. Qff5+ Kd6 64. Ba2 Kc6 65. Qgg6+ Kc7 66. Qff7+ Kb8 67. Qgg8# 1-0

[Event "CAN-ch U10 Girls"]
[Site "Windsor"]
[Date "2015.07.07"]
[Round "3.112"]
[White "Kuleshova, Julia"]
[Black "Gilani, Mysha"]
[Result "1-0"]
[WhiteElo "1487"]
[BlackElo "1282"]
[PlyCount "73"]
[EventDate "2015.07.06"]
[EventType "swiss"]
[EventRounds "7"]
[EventCountry "CAN"]
[SourceTitle "EXT 2022"]
[Source "ChessBase"]
[SourceDate "2021.10.06"]
[SourceVersion "1"]
[SourceVersionDate "2021.10.06"]
[SourceQuality "1"]

1. e4 e5 2. Nf3 Nc6 3. Bb5 a6 4. Ba4 b5 5. Bb3 Bc5 6. 0-0 d6 7. c3 Nf6 8. d3 0-0 9. h3 h6 10. Re1 Bb7 11. Nbd2 Qd7 12. Nf1 Ne7 13. Ng3 Rfe8 14. a4 c6 15. Nh4 Rac8 16. Nhf5 Ng6 17. Nh5 Nxh5 18. Qxh5 d5 19. d4 exd4 20. cxd4 Bb4 21. Bxh6 Bxe1 22. Rxe1 bxa4 23. Bxa4 Rxe4 24. Rxe4 dxe4 25. Bb3 Nf8 26. Bxg7 Nh7 27. Qg6 Qxf5 28. Qxf5 Kxg7 29. Qxf7+ Kh6 30. Qxb7 Rf8 31. Qxc6+ Rf6 32. Qxe4 Kg7 33. Qe7+ Kh6 34. Bc2 Kh5 35. Qxh7+ Rh6 36. Qf5+ Kh4 37. Qg4# 1-0

[Event "Toronto NAYCC U08 Girls"]
[Site "Toronto"]
[Date "2013.08.15"]
[Round "2"]
[White "Gilani, Mysha"]
[Black "Zhu, Harmony"]
[Result "0-1"]
[WhiteElo "1004"]
[BlackElo "1631"]
[PlyCount "104"]
[EventDate "2013.08.14"]
[EventType "swiss"]
[EventRounds "9"]
[EventCountry "CAN"]
[SourceTitle "EXT 2022"]
[Source "ChessBase"]
[SourceDate "2021.10.06"]
[SourceVersion "1"]
[SourceVersionDate "2021.10.06"]
[SourceQuality "1"]

1. e4 c5 2. Nf3 Nc6 3. Bc4 e6 4. Nc3 a6 5. d4 cxd4 6. Nxd4 Qc7 7. b3 Nf6 8. Nxc6 bxc6 9. Bb2 d5 10. exd5 cxd5 11. Bd3 Bb4 12. 0-0 Bxc3 13. Bxc3 Qxc3 14. Qf3 Qc7 15. c4 0-0 16. Qg3 Qxg3 17. fxg3 Bd7 18. Rae1 Rfe8 19. a4 Rab8 20. Rb1 dxc4 21. Bxc4 a5 22. Rbd1 Red8 23. Rd3 Bc6 24. Rdd1 Ne4 25. Rfe1 Nd2 26. Re3 Nf3+ 27. gxf3 Rxd1+ 28. Kf2 Rd2+ 29. Kg1 Bd5 30. Bxd5 exd5 31. Re1 g6 32. Rb1 d4 33. h4 Rd3 34. Kf2 Rbxb3 35. Rc1 Rdc3 36. Rd1 Rb2+ 37. Kf1 d3 38. Ke1 d2+ 39. Rxd2 Rxd2 40. Kxd2 Ra3 41. Ke2 Rxa4 42. Kd2 Rc4 43. Kd3 Rc8 44. Kd4 a4 45. Ke3 a3 46. f4 a2 47. Ke4 a1Q 48. Ke3 Re8+ 49. Kd3 Qd1+ 50. Kc4 Rc8+ 51. Kb4 Qb1+ 52. Ka4 Ra8# 0-1

[Event "CAN-ch U08 Girls"]
[Site "Ottawa"]
[Date "2013.07.12"]
[Round "5"]
[White "Gilani, Mysha"]
[Black "Kuleshova, Julia"]
[Result "0-1"]
[WhiteElo "950"]
[BlackElo "262"]
[PlyCount "62"]
[EventDate "2013.07.10"]
[EventType "swiss"]
[EventRounds "6"]
[EventCountry "CAN"]
[SourceTitle "EXT 2022"]
[Source "ChessBase"]
[SourceDate "2021.10.06"]
[SourceVersion "1"]
[SourceVersionDate "2021.10.06"]
[SourceQuality "1"]

1. e4 e5 2. Nf3 Nc6 3. Bc4 Bc5 4. Nc3 Nf6 5. d3 d6 6. Be3 Bxe3 7. fxe3 Bg4 8. h3 Bh5 9. g4 Bg6 10. Qd2 a6 11. 0-0-0 Qd7 12. Kb1 0-0-0 13. d4 Nxe4 14. Nxe4 Bxe4 15. Rhf1 Rhe8 16. Ng5 Bg6 17. Bxf7 Bxf7 18. Nxf7 Re7 19. Nxd8 Qxd8 20. Rf2 Qe8 21. Rdf1 Qg6 22. dxe5 Nxe5 23. Rf8+ Re8 24. Rxe8+ Qxe8 25. Rf2 Nc4 26. Qe1 Nxe3 27. Rf3 Qe4 28. Rxe3 Qd4 29. Re8+ Kd7 30. Qe7+ Kc6 31. Rc8 Qd1# 0-1

[Event "CAN-ch U08 Girls"]
[Site "Ottawa"]
[Date "2013.07.11"]
[Round "4"]
[White "Gilani, Mysha"]
[Black "Radin, Claire"]
[Result "1-0"]
[WhiteElo "950"]
[BlackElo "752"]
[PlyCount "61"]
[EventDate "2013.07.10"]
[EventType "swiss"]
[EventRounds "6"]
[EventCountry "CAN"]
[SourceTitle "EXT 2022"]
[Source "ChessBase"]
[SourceDate "2021.10.06"]
[SourceVersion "1"]
[SourceVersionDate "2021.10.06"]
[SourceQuality "1"]

1. e4 e5 2. Nf3 Nc6 3. Bc4 Nf6 4. d3 Bc5 5. Nc3 h6 6. Be3 Bxe3 7. fxe3 d6 8. d4 Qd7 9. Qd2 b6 10. Bb5 a6 11. Ba4 b5 12. Bb3 Bb7 13. 0-0-0 0-0-0 14. Rhf1 Rhe8 15. d5 Na5 16. Kb1 Nxb3 17. cxb3 b4 18. Na4 Nxe4 19. Qc2 Qb5 20. Qxe4 c6 21. dxc6 Bxc6 22. Rc1 Kb7 23. Qc4 e4 24. Nd4 d5 25. Qc2 Qd3 26. Nxc6 Rc8 27. Nc5+ Kb6 28. Nxd3 Rxc6 29. Qxc6+ Ka7 30. Rxf7+ Kb8 31. Qxe8# 1-0